This almost chosen people : Essays in the history of American ideas

Salvato in:
Dettagli Bibliografici
Autore principale: Nye, Russel B.
Natura: Libro
Lingua:Undetermined
Pubblicazione: Michigan Michigan State University Press 1966
Soggetti:
Tags: Aggiungi Tag
Nessun Tag, puoi essere il primo ad aggiungerne! !
Thư viện lưu trữ: Trung tâm Học liệu Trường Đại học Cần Thơ
LEADER 00543nam a2200193Ia 4500
001 CTU_89534
008 210402s9999 xx 000 0 und d
082 |a 121 
082 |b N994 
100 |a Nye, Russel B. 
245 0 |a This almost chosen people : 
245 0 |b Essays in the history of American ideas 
245 0 |c Russel B. Nye 
260 |a Michigan 
260 |b Michigan State University Press 
260 |c 1966 
650 |a Philosophy, American 
904 |i Vương 
980 |a Trung tâm Học liệu Trường Đại học Cần Thơ